000 02265 a2200217 4500
005 20240306063612.0
008 240118c2023 cl|fr|p|o|||| 00| 0 spa d
040 _aUPN
_bspa
_cUPN
_eaacr2
100 1 _aChiappa, Roxana
_950824
245 1 _a¿Cuán profesionalizados están los procesos de contratación académica en las universidades chilenas?
_h[recurso electrónico en línea]
506 0 _aAcceso abierto
520 3 _aUna de las preguntas más intrigantes en el campo de la educación superior es cómo los departamentos académicos deciden a qué académico contratar en un momento dado. Si bien se sabe que las presiones por incrementar la productividad científica han acelerado la profesionalización del académico investigador entre las universidades chilenas, no existen estudios empíricos que hayan analizado cómo las unidades académicas toman decisiones durante sus procesos de contratación. A través de un estudio de caso comparado, esta investigación analiza cualitativamente el nivel de profesionalización de las prácticas de contratación de siete departamentos académicos afiliados a universidades con distintas capacidades de investigación. Siguiendo las recomendaciones de prácticas de contratación de universidades extranjeras, que incluyen aspectos de reclutamiento y evaluación de sesgos inconscientes, el análisis refleja que la mayoría de los departamentos académicos tienen convocatorias abiertas y comités formales de contratación, pero la discusión sobre cómo los sesgos inconscientes afectan las decisiones de contratación está completamente ausente de los procesos. Además, los hallazgos muestran que los criterios de contratación tienden a favorecer a candidatos que pertenecen a las redes de los académicos, dado que se perciben como candidatos más seguros y probables de aceptar una eventual oferta laboral.
653 _aContratación de académicos
653 _aProfesionalización
653 _aRedes académicas
773 0 _tCalidad en la educación
_x0717-4004
_gNo. 58 (2023), p. 268-309
856 _uhttps://www.calidadenlaeducacion.cl/index.php/rce/article/view/1290
856 _uhttps://doi.org/10.31619/caledu.n58.1290
902 _aGloria Jiménez/180124
942 _cART-E
_2lcc
999 _c210772
_d210772